Malaysian politics

Bibliographic Details
Main Author: Means, Gordon P
Format: Book
Published: London : Hodder And Stoughton , 1976
Subjects:

MARC

LEADER 00000cam a2200000 7i4500
001 0000023375
002 000025274
005 20080111.0
020 |a 0340181869 
090 0 0 |a 324.2   |b MEA 
100 1 |a Means, Gordon P 
245 1 0 |a Malaysian politics   |c Gordon P.Means 
260 |a London :   |b Hodder And Stoughton ,   |c 1976 
300 |a 483 p. ;   |c 23 cm. 
650 0 0 |a Political science   |x History   |z Malaysia 
650 0 0 |a Politics and government   |z Malaysia 
999 |a 0001188   |b BUKU   |c MALAYSIANA   |e PERPUSTAKAAN KOMUNITI PETALING JAYA